000
00344nam a22001697a 4500
005
20260617092337.0
020
_a
978-81-2344-720-9
041
_a
English
082
_a
T10 R24 IBR
100
_a
Ibrahim.P
245
_a
Suttrulaviyal
250
_a
1
260
_a
Chennai
_b
NCBH
_c
2024
300
_a
112
365
_b
100.00
942
_c
BK
999
_c
177909
_d
177909